[Event "IECG WC.2012.P.00004 email"]
[Site "IECG email"]
[Date "2008.02.15"]
[Round "?"]
[White "Korchut, Adam"]
[Black "Cartagena, Julio"]
[Result "1-0"]
[WhiteElo "2148"]
[BlackElo "1700"]
[PlyCount "51"]
[EventDate "2008.02.15"]
[EventType "tourn (corr)"]
[EventRounds "10"]
[SourceTitle "Corr 2024"]
[Source "ChessBase"]
[SourceDate "2023.10.19"]
[SourceVersion "1"]
[SourceVersionDate "2023.10.19"]
[SourceQuality "1"]

1. e4 c5 2. Nf3 Nc6 3. d4 cxd4 4. Nxd4 Nf6 5. Nc3 e5 6. Ndb5 d6 7. Bg5 a6 8. Na3 b5 9. Bxf6 gxf6 10. Nd5 Bg7 11. Bd3 Ne7 12. Nxe7 Qxe7 13. 0-0 f5 14. c4 0-0 15. cxb5 d5 16. exd5 e4 17. Qe2 Qe5 18. Bc4 Qxb2 19. Nc2 axb5 20. Rab1 Qe5 21. Rxb5 Ba6 22. Rb6 Bc8 23. d6 Rd8 24. Rd1 Be6 25. Ne3 Ra5 26. d7 1-0

[Event "IECG R2.2000.0.00002"]
[Site "IECG email"]
[Date "2000.12.28"]
[Round "1"]
[White "Avant, Thomas"]
[Black "Cartagena, Julio"]
[Result "0-1"]
[WhiteElo "1660"]
[BlackElo "1772"]
[PlyCount "40"]
[EventDate "2000.12.28"]
[EventType "tourn (corr)"]
[EventRounds "6"]
[SourceTitle "Corr 2024"]
[Source "ChessBase"]
[SourceDate "2023.10.19"]
[SourceVersion "1"]
[SourceVersionDate "2023.10.19"]
[SourceQuality "1"]

1. d4 Nf6 2. c4 g6 3. Nc3 d5 4. Nf3 Bg7 5. Qb3 dxc4 6. Qxc4 0-0 7. e4 a6 8. Qb3 b5 9. e5 Nfd7 10. Be3 Nb6 11. Rd1 Nc6 12. Be2 Na5 13. Qb4 Nc6 14. Qc5 Bb7 15. 0-0 Qc8 16. d5 Nxe5 17. Rfe1 Nbc4 18. Nxe5 Nxe5 19. a4 Nd7 20. Qa3 c5 0-1

[Event "IECG R2.2000.0.00002"]
[Site "IECG email"]
[Date "2000.12.28"]
[Round "1"]
[White "Cartagena, Julio"]
[Black "Chambers, Christopher"]
[Result "0-1"]
[WhiteElo "1772"]
[BlackElo "1692"]
[PlyCount "54"]
[EventDate "2000.12.28"]
[EventType "tourn (corr)"]
[EventRounds "6"]
[SourceTitle "Corr 2024"]
[Source "ChessBase"]
[SourceDate "2023.10.19"]
[SourceVersion "1"]
[SourceVersionDate "2023.10.19"]
[SourceQuality "1"]

1. e4 c5 2. Nf3 Nc6 3. d4 cxd4 4. Nxd4 Nf6 5. Nc3 e5 6. Ndb5 d6 7. Nd5 Nxd5 8. exd5 Nb8 9. c4 Be7 10. Be2 a6 11. Nc3 0-0 12. 0-0 f5 13. f4 Bf6 14. Qc2 Nd7 15. g3 exf4 16. gxf4 Bd4+ 17. Kh1 Nc5 18. Bf3 Bd7 19. Rb1 b5 20. b4 Ne4 21. Nxe4 fxe4 22. Bxe4 Qh4 23. c5 Rae8 24. c6 Bh3 25. Rd1 Qh5 26. Bb2 Rxe4 27. Qxe4 Rxf4 0-1

[Event "IECG R2.2000.0.00002"]
[Site "IECG email"]
[Date "2000.12.28"]
[Round "1"]
[White "Sakai, Kiyotaka"]
[Black "Cartagena, Julio"]
[Result "1-0"]
[WhiteElo "1750"]
[BlackElo "1772"]
[PlyCount "57"]
[EventDate "2000.12.28"]
[EventType "tourn (corr)"]
[EventRounds "6"]
[SourceTitle "Corr 2024"]
[Source "ChessBase"]
[SourceDate "2023.10.19"]
[SourceVersion "1"]
[SourceVersionDate "2023.10.19"]
[SourceQuality "1"]

1. e4 c5 2. Nf3 Nc6 3. d4 cxd4 4. Nxd4 Nf6 5. Nc3 e5 6. Ndb5 d6 7. Bg5 a6 8. Na3 b5 9. Bxf6 gxf6 10. Nd5 Bg7 11. Bd3 Ne7 12. Nxe7 Qxe7 13. c4 f5 14. 0-0 0-0 15. Qf3 bxc4 16. Nxc4 d5 17. exd5 e4 18. Qe3 Bb7 19. d6 Qf6 20. Bc2 f4 21. Qh3 Qg5 22. Rfe1 f5 23. Rad1 Kh8 24. Na5 Rab8 25. Nxb7 Rxb7 26. Rxe4 Bxb2 27. Ra4 Rb6 28. d7 Bg7 29. Rxf4 1-0

[Event "IECG C1.2000.0.00275"]
[Site "IECG email"]
[Date "2000.04.17"]
[Round "?"]
[White "Braun, Ingram H"]
[Black "Cartagena, Julio"]
[Result "1-0"]
[WhiteElo "1922"]
[BlackElo "2100"]
[PlyCount "33"]
[EventDate "2000.04.17"]
[EventType "tourn (corr)"]
[EventRounds "6"]
[SourceTitle "Corr 2008"]
[Source "ChessBase"]
[SourceDate "2008.06.24"]
[SourceVersion "1"]
[SourceVersionDate "2008.06.24"]
[SourceQuality "1"]

1. d4 Nf6 2. Nc3 d5 3. Bg5 Nbd7 4. f3 h6 5. Bh4 c6 6. e4 Qb6 7. Qd2 dxe4 8. fxe4 Qxb2 9. Rb1 Qa3 10. e5 Nd5 11. Nxd5 cxd5 12. c4 dxc4 13. Bxc4 Nb6 14. Bb5+ Bd7 15. Rb3 Bxb5 16. Rxa3 Nc4 17. Qb4 1-0

[Event "IECG C1.2000.0.00275"]
[Site "IECG email"]
[Date "2000.04.17"]
[Round "?"]
[White "Sveinsson, Jon Arni"]
[Black "Cartagena, Julio"]
[Result "1/2-1/2"]
[WhiteElo "1870"]
[BlackElo "2100"]
[PlyCount "101"]
[EventDate "2000.04.17"]
[EventType "tourn (corr)"]
[EventRounds "6"]
[SourceTitle "Corr 2008"]
[Source "ChessBase"]
[SourceDate "2008.06.24"]
[SourceVersion "1"]
[SourceVersionDate "2008.06.24"]
[SourceQuality "1"]

1. d4 Nf6 2. c4 g6 3. Nc3 d5 4. cxd5 Nxd5 5. e4 Nxc3 6. bxc3 Bg7 7. Bc4 0-0 8. Ne2 c5 9. 0-0 Nc6 10. Be3 Qc7 11. Rc1 Rd8 12. Bf4 e5 13. Bg5 Re8 14. d5 Na5 15. Bb5 Bd7 16. c4 Bxb5 17. cxb5 Qd6 18. Qa4 b6 19. Rfd1 Nb7 20. Nc3 f6 21. Be3 Red8 22. Qc4 Kh8 23. a4 Qf8 24. Qe2 Nd6 25. a5 Rdc8 26. a6 Qe7 27. f3 Rf8 28. Rc2 Rae8 29. Bc1 f5 30. Rb2 Rf7 31. Rb3 Ref8 32. Rb1 Qh4 33. Rb2 Qe7 34. Bd2 f4 35. Nb1 g5 36. Bc3 Bf6 37. Na3 Rg7 38. Be1 Rfg8 39. Nc4 g4 40. Nxd6 Qxd6 41. Bc3 h5 42. Kh1 Kh7 43. Rbd2 g3 44. h3 Rc7 45. Qc4 Kg6 46. Rc1 Rgc8 47. Rd3 h4 48. Bb2 Kg5 49. Rdc3 Rd7 50. Ba3 Be7 51. Qb3 1/2-1/2

[Event "IECG C1.1999.0.00240"]
[Site "IECG email"]
[Date "1999.10.19"]
[Round "?"]
[White "Cartagena, Julio"]
[Black "Gomez, Carlos"]
[Result "1/2-1/2"]
[WhiteElo "2100"]
[BlackElo "1950"]
[PlyCount "24"]
[EventDate "1999.10.19"]
[EventType "tourn (corr)"]
[EventRounds "6"]
[SourceTitle "Corr 2008"]
[Source "ChessBase"]
[SourceDate "2008.06.24"]
[SourceVersion "1"]
[SourceVersionDate "2008.06.24"]
[SourceQuality "1"]

1. e4 e5 2. Nf3 Nc6 3. Bb5 a6 4. Ba4 Nf6 5. 0-0 Be7 6. Re1 b5 7. Bb3 d6 8. c3 0-0 9. a4 b4 10. a5 Rb8 11. d4 Bg4 12. d5 Na7 1/2-1/2

[Event "IECG C1.1999.0.00240"]
[Site "IECG email"]
[Date "1999.10.19"]
[Round "?"]
[White "Scheuermann, Bernhard"]
[Black "Cartagena, Julio"]
[Result "1-0"]
[WhiteElo "2014"]
[BlackElo "2100"]
[PlyCount "51"]
[EventDate "1999.10.19"]
[EventType "tourn (corr)"]
[EventRounds "6"]
[SourceTitle "Corr 2008"]
[Source "ChessBase"]
[SourceDate "2008.06.24"]
[SourceVersion "1"]
[SourceVersionDate "2008.06.24"]
[SourceQuality "1"]

1. e4 c5 2. Nf3 Nc6 3. d4 cxd4 4. Nxd4 Nf6 5. Nc3 e5 6. Ndb5 d6 7. Bg5 a6 8. Na3 b5 9. Nd5 Be7 10. Bxf6 Bxf6 11. c3 0-0 12. Nc2 Bg5 13. a4 bxa4 14. Rxa4 Rb8 15. h4 Bh6 16. Bxa6 Rxb2 17. Bxc8 Qxc8 18. Rc4 Qb7 19. 0-0 Kh8 20. Ndb4 Nxb4 21. Qxd6 Re8 22. Nxb4 Rd2 23. Nd5 f6 24. Rc7 Qb2 25. Qc6 Qb8 26. Nxf6 1-0